| 000 | 02229nam1a22003131 4500 | ||
|---|---|---|---|
| 001 | RU\NLR\A2V16\12462 | ||
| 005 | 20251214183024.0 | ||
| 035 | _a(NLR Aleph) 009815521 | ||
| 090 |
_a10227843 _c10227842 |
||
| 100 | _a19990402d1584 u y0rusy50 ca | ||
| 101 | 0 | _ager | |
| 102 | _aRU | ||
| 200 | 1 |
_aKurtze und einfeltige Beschreibung, aller Hohemeister Deutsches Ordens S. Mariae, des Hospitals zu Jerusalem, & c. _eDerer so wol, so zu Ackers und Venedig, als derer, so in Preussen zu Marienburg und Königsberg regiret haben. _eSonderlich aber, wie lange sie regieret, und was sie die zeit jrer Regirunge fürnemlichen ausgerichtet haben |
|
| 210 |
_aGedruckt zu Königsberg in Preussen [Kaliningrad] _cbey Georgen Osterbergern _d1584 |
||
| 215 |
_a[2-52] л., [1] л. ил. _cил. _d4° (19 см) |
||
| 304 | _aАвт.: Casparus Hennenberger. Установл. по: VD 16 | ||
| 306 | _aГод изд. указ. в колофоне | ||
| 307 | _aЯвляется частью изд.: Kurtze und warhafftige Beschreibung des Landes zu Preussen ... / Durch Casparus Hennenbergern ... - Zu Königsberg in Preussen [Kaliningrad], 1584 | ||
| 463 | 0 |
_1001RU\NLR\A2V16\13242 _910230650 _aHennenberger, K. (1529-1600) _cZu Königsberg in Preussen [Kaliningrad _d1584 _fAus Alten und newen Scribenten zusammen gezogen, Durch Casparum Hennenbergern, Pfarherrn zu Mülhausen auff Natangen _nbey Georgen Osterbergern _oWie sie es nach jhrer gewonheit, ehe und dann, sie durch den Orden bezwungen, und zum Christlichen Glauben bekert worden sind, in allerley stücken gehalten haben. : Letzlich eine kurtze Austeilung des Landes, wie dasselbige in der Heidenschafft, ehe es der Orden bezwungen, genent und bewonet worden. : Auch was für Schlosser und Stedte in jederm Fürstenthum gelegen sind. _p[6], 43, [53] л., [4] ил., карт. _tKurtze und warhafftige Beschreibung des Landes zu Preussen |
|
| 700 | 1 |
_6z01790 _aHennenberger _bK. _f1529-1600 _gKaspar _4070 |
|
| 702 | 1 |
_aOsterberger _bG. _fок. 1542-1602 _gGeorg _4650 |
|
| 790 | 1 |
_6z01700 _aHennenberger _gCasparus _4070 |
|
| 801 | 0 |
_aRU _bNLR _c19990402 |
|
| 852 |
_aNLR _j33.92.5.18 Аллиг.3 |
||
| 942 | _cBOOK | ||
| 980 | _aNB | ||
| 980 | _ain16 | ||